<?xml version="1.0" encoding="UTF-8"?>
<record
    xmlns:xsi="http://www.w3.org/2001/XMLSchema-instance"
    xsi:schemaLocation="http://www.loc.gov/MARC21/slim http://www.loc.gov/standards/marcxml/schema/MARC21slim.xsd"
    xmlns="http://www.loc.gov/MARC21/slim">

  <leader>01380nam a22002417a 4500</leader>
  <controlfield tag="003">OSt</controlfield>
  <controlfield tag="005">20260421192737.0</controlfield>
  <controlfield tag="008">151125b2003    xxu||||| |||| 00| 0 esp d</controlfield>
  <datafield tag="040" ind1=" " ind2=" ">
    <subfield code="c">DO-SdBJH</subfield>
    <subfield code="a">DO-SdBJH</subfield>
    <subfield code="b">spa</subfield>
  </datafield>
  <datafield tag="041" ind1="0" ind2=" ">
    <subfield code="a">spa</subfield>
  </datafield>
  <datafield tag="090" ind1=" " ind2=" ">
    <subfield code="a">CT MA-SDN 0002</subfield>
    <subfield code="b">EGAEE 2003</subfield>
  </datafield>
  <datafield tag="100" ind1="1" ind2=" ">
    <subfield code="a">Soriano Morales, Jacqueline</subfield>
    <subfield code="e">sustentante</subfield>
  </datafield>
  <datafield tag="245" ind1="1" ind2="0">
    <subfield code="a">Evoluci&#xF3;n hist&#xF3;rica de los Tribunales Militares :  </subfield>
    <subfield code="b">el caso Dominicano / </subfield>
    <subfield code="c">Jacqueline Soriano Morales ; asesor Mirtha M. Espada Guerrero.</subfield>
  </datafield>
  <datafield tag="260" ind1=" " ind2=" ">
    <subfield code="a">Santo Domingo :</subfield>
    <subfield code="b">INSUDE,</subfield>
    <subfield code="c">2003</subfield>
  </datafield>
  <datafield tag="300" ind1=" " ind2=" ">
    <subfield code="a">48 hojas.</subfield>
  </datafield>
  <datafield tag="502" ind1=" " ind2=" ">
    <subfield code="a">Tesis y trabajos de grado(Maestr&#xED;a en Defensa y Seguridad Nacional)-- Instituto Superior para la Defensa (INSUDE). Instituto de Graduados en Altos Estudios Estrat&#xE9;gico, Santo Domingo, 2016.</subfield>
  </datafield>
  <datafield tag="504" ind1=" " ind2=" ">
    <subfield code="a">Incluye referencia Bibliogr&#xE1;fica e &#xCD;ndice.</subfield>
  </datafield>
  <datafield tag="505" ind1=" " ind2=" ">
    <subfield code="a">--Organizaci&#xF3;n del Sistema Judicial Dominicano, -- Fuentes del Derecho Penal Militar Dominicano, -- Organizaci&#xF3;n, jurisdicci&#xF3;n y competencia de los tribunales militares -- Funcionamiento de los tribunales militares o consejos de guerra.
</subfield>
  </datafield>
  <datafield tag="650" ind1=" " ind2="4">
    <subfield code="a">Tribunales dominicanos</subfield>
    <subfield code="v">Tesis y disertaciones acad&#xE9;micas</subfield>
    <subfield code="x">Derecho Militar</subfield>
    <subfield code="x">Historia </subfield>
    <subfield code="z">Rep&#xFA;blica Dominicana</subfield>
  </datafield>
  <datafield tag="700" ind1="1" ind2=" ">
    <subfield code="a">Espada Guerrero, Mirtha M. </subfield>
    <subfield code="e">asesor</subfield>
  </datafield>
  <datafield tag="830" ind1=" " ind2=" ">
    <subfield code="a">INSUDE.  Instituto de Graduados en Altos Estudios Estrat&#xE9;gico. Tesis y disertaciones acad&#xE9;micas</subfield>
  </datafield>
  <datafield tag="942" ind1=" " ind2=" ">
    <subfield code="2">CL</subfield>
    <subfield code="c">T</subfield>
  </datafield>
  <datafield tag="999" ind1=" " ind2=" ">
    <subfield code="c">10</subfield>
    <subfield code="d">10</subfield>
  </datafield>
  <datafield tag="952" ind1=" " ind2=" ">
    <subfield code="0">0</subfield>
    <subfield code="1">0</subfield>
    <subfield code="2">CL</subfield>
    <subfield code="4">0</subfield>
    <subfield code="7">1</subfield>
    <subfield code="8">TG</subfield>
    <subfield code="a">BJHA</subfield>
    <subfield code="b">BJHA</subfield>
    <subfield code="c">GEN</subfield>
    <subfield code="d">2015-11-25</subfield>
    <subfield code="i">03-00002</subfield>
    <subfield code="l">0</subfield>
    <subfield code="o">CT MA-SDN 0002 EGAEE 2003</subfield>
    <subfield code="p">03-00002</subfield>
    <subfield code="r">2018-10-06 00:00:00</subfield>
    <subfield code="t">ej.1</subfield>
    <subfield code="w">2015-11-25</subfield>
    <subfield code="y">T</subfield>
  </datafield>
</record>
